| 000 | 01120nam a2200265 4500 | ||
|---|---|---|---|
| 001 | 139701 | ||
| 003 | ES-MaACL | ||
| 005 | 20250721062627.0 | ||
| 007 | t| | ||
| 008 | 070214s1945 mx r ||||1| spa d | ||
| 100 | 1 |
_aSayers, R. S. _9104105 |
|
| 245 | 1 | 3 |
_aLa banca moderna / _cR. S. Sayers ; versión española de Daniel Cosío Villegas. |
| 250 | _a2ª. ed. española. | ||
| 260 |
_aMéxico : _bFondo de Cultura Económica, _c1945. |
||
| 300 |
_a332 p. ; _c20 cm. |
||
| 490 | 1 | _aSección de obras de economia | |
| 650 | 7 |
_aEconomía _2embne _912006 |
|
| 700 | 1 |
_aCosío Villegas, Daniel. _940996 |
|
| 830 |
_9179924 _aSección de obras de economía |
||
| 852 |
_aES-MaACL _jD-6276 _bR.30372 _bR.M.5871 _9144756 _cSVI _fSello en tinta azul de la Biblioteca del Ateneo de Madrid. _gAnotación manuscrita a lápiz en cubierta: "14" _gAnotación manuscrita en hoja de guarda anterior: "36" _z"2 DIC. 1950" |
||
| 942 |
_2udc _cMONOGRAFIA |
||
| 999 |
_c139701 _d139701 |
||